Fuzzy thinking : the new science of fuzzy logic /
Guardado en:
| Autor Principal: | |
|---|---|
| Formato: | Libro |
| Idioma: | English |
| Publicado: |
New York :
Hyperion,
c1993.
|
| Edición: | 1st ed. |
| Materias: | |
| Etiquetas: |
Agregar Etiqueta
Sin Etiquetas, Sea el primero en etiquetar este registro!
|
| LEADER | 00697cam a2200229 a 4500 | ||
|---|---|---|---|
| 001 | MAT.inmabb003406 | ||
| 008 | 921116s1993####nyua#####b####001#0#eng## | ||
| 005 | 20130502153144.0 | ||
| 245 | 1 | 0 | |a Fuzzy thinking : |b the new science of fuzzy logic / |c Bart Kosko. |
| 250 | |a 1st ed. | ||
| 260 | |a New York : |b Hyperion, |c c1993. | ||
| 300 | |a xvi, 318 p. : |b il. ; |c 25 cm. | ||
| 504 | |a Incluye referencias bibliográficas (p. 299-308) e índice. | ||
| 020 | |a 1562828398 | ||
| 100 | 1 | |a Kosko, Bart. | |
| 650 | 0 | |a Logic. | |
| 650 | 0 | |a Philosophy and science. | |
| 650 | 0 | |a Fuzzy systems. | |
| 084 | |a 03B52 |2 msc2000 | ||
| 010 | |a 92042019 | ||
| 040 | |a DLC |c DLC |d DLC | ||
| 859 | |h 03 |i K86 |p A-7064 |b BIB. MATEMATICA | ||
